Моделирование физических процессов в ядерных реакторах: лабораторный практикум

Bibliographische Detailangaben
Körperschaft: Национальный исследовательский Томский политехнический университет (ТПУ)
Weitere Verfasser: Наймушин А. Г. Артем Георгиевич, Чертков Ю. Б. Юрий Борисович, Аникин М. Н. Михаил Николаевич, Лебедев И. И. Иван Игоревич
Zusammenfassung:В пособии содержатся лабораторные работы по курсу «Физическая теория ядерных реакторов», позволяющие глубже понять методы экспериментального и расчетного определения параметров энергетических ядерных реакторов. Рассмотрены методики экспериментального определения параметров реактора в подкритическом, надкритическом состояниях, а также температурные и мощ-ностные эффекты реактивности. Приведены особенности применения экспериментальных методик для основных типов энергетических ядерных реакторов: ВВЭР-ЮОО, РБМК-ЮОО, БН-600.Предназначено для студентов высших учебных заведений, обучающихся по направлению 140800 «Ядерные физика и технологии».
Sprache:Russisch
Veröffentlicht: Томск, Изд-во ТПУ, 2015
Schlagworte:
Format: Buch
KOHA link:https://koha.lib.tpu.ru/cgi-bin/koha/opac-detail.pl?biblionumber=146697

MARC

LEADER 00000nam0a2200000 4500
001 146697
005 20250821104112.0
035 |a (RuTPU)RU\TPU\book\159022 
090 |a 146697 
100 |a 20081101d2015 m y0rusy50 ca 
101 0 |a rus 
102 |a RU 
105 |a a j 001zy 
200 1 |a Моделирование физических процессов в ядерных реакторах  |e лабораторный практикум  |f А. Г. Наймушин [и др.]  |g Национальный исследовательский Томский политехнический университет (ТПУ) 
210 |a Томск  |c Изд-во ТПУ  |d 2015 
215 |a 111 с. 
320 |a Библиогр.: с. 110. 
330 |a В пособии содержатся лабораторные работы по курсу «Физическая теория ядерных реакторов», позволяющие глубже понять методы экспериментального и расчетного определения параметров энергетических ядерных реакторов. Рассмотрены методики экспериментального определения параметров реактора в подкритическом, надкритическом состояниях, а также температурные и мощ-ностные эффекты реактивности. Приведены особенности применения экспериментальных методик для основных типов энергетических ядерных реакторов: ВВЭР-ЮОО, РБМК-ЮОО, БН-600.Предназначено для студентов высших учебных заведений, обучающихся по направлению 140800 «Ядерные физика и технологии». 
606 1 |a Ядерные реакторы  |x Физика  |2 stltpush  |3 (RuTPU)RU\TPU\subj\21697  |9 46650 
610 1 |a физические процессы 
610 1 |a параметры 
610 1 |a реактивность 
610 1 |a определение 
610 1 |a экспериментальные методики 
610 1 |a характеристики 
610 1 |a измерение 
610 1 |a лабораторные работы 
610 1 |a практикумы 
610 1 |a учебные пособия 
610 1 |a труды учёных ТПУ 
675 |a 621.039.51(076.5)  |v 3 
701 1 |a Наймушин  |b А. Г.  |c специалист в области ядерных технологий  |c доцент Томского политехнического университета, кандидат физико-математических наук  |f 1986-  |g Артем Георгиевич  |3 (RuTPU)RU\TPU\pers\26460  |9 12163 
701 1 |a Чертков  |b Ю. Б.  |c физик  |c доцент Томского политехнического университета, кандидат физико-математических наук  |f 1948-  |g Юрий Борисович  |3 (RuTPU)RU\TPU\pers\26469  |9 12172 
701 1 |a Аникин  |b М. Н.  |c специалист в области ядерных технологий  |c начальник службы Томского политехнического университета, кандидат технических наук  |f 1991-  |g Михаил Николаевич  |3 (RuTPU)RU\TPU\pers\32503  |9 16449 
701 1 |a Лебедев  |b И. И.  |c специалист в области энергетики  |c инженер Томского политехнического университета  |f 1990-  |g Иван Игоревич  |3 (RuTPU)RU\TPU\pers\32502  |9 16448 
712 0 2 |a Национальный исследовательский Томский политехнический университет (ТПУ)  |c (2009- )  |3 (RuTPU)RU\TPU\col\15902 
801 1 |a RU  |b 63413507  |c 20081101  |g PSBO 
801 2 |a RU  |b 63413507  |c 20151109  |g PSBO 
942 |c BK